[Event "Stay Safe Play From Home 341"]
[Site "Emanuel Lasker Arena"]
[Date "2020.07.29"]
[Round "3"]
[White "Padmaesh M K"]
[Black "Klasman"]
[Result "1-0"]
[WhiteElo "1769"]
[BlackElo "1297"]
[Annotator "NA RC"]
[PlyCount "37"]
[EventDate "2020.07.29"]
[EventType "swiss (blitz)"]

1. d4 {[%emt 0:00:02]} f5 {[%emt 0:00:01]} 2. e4 {[%emt 0:00:02]} fxe4 {[%emt 0:00:02]} 3. Nc3 {[%emt 0:00:01]} Nf6 {[%emt 0:00:01]} 4. Bg5 {[%emt 0:00:01]} d5 {[%emt 0:00:01]} 5. Bxf6 {[%emt 0:00:01]} exf6 {[%emt 0:00:02]} 6. Qh5+ {[%emt 0:00:01]} g6 {[%emt 0:00:05]} 7. Qxd5 {[%emt 0:00:01]} Qxd5 {[%emt 0:00:02]} 8. Nxd5 {[%emt 0:00:00]} Na6 {[%emt 0:00:06]} 9. Bxa6 {[%emt 0:00:02]} bxa6 {[%emt 0:00:01]} 10. Nxc7+ {[%emt 0:00:01]} Kf7 {[%emt 0:00:01]} 11. Nxa8 {[%emt 0:00:00]} Bb7 {[%emt 0:00:19]} 12. Nc7 {[%emt 0:00:01]} Bd6 {[%emt 0:00:02]} 13. Ne2 {[%emt 0:00:04]} Bxc7 {[%emt 0:00:02]} 14. O-O {[%emt 0:00:00]} Bb6 {[%emt 0:00:02]} 15. c3 {[%emt 0:00:01]} f5 {[%emt 0:00:02]} 16. Rae1 {[%emt 0:00:01]} Ke6 {[%emt 0:00:02]} 17. f3 {[%emt 0:00:01]} Kd5 {[%emt 0:00:05]} 18. Nf4+ {[%emt 0:00:01]} Kc4 {[%emt 0:00:02]} 19. Ne6 {[%emt 0:00:02] Time (Lag: Av=0.53s, max=0.9s)} 1-0

[Event "Stay Safe Play From Home 341"]
[Site "Emanuel Lasker Arena"]
[Date "2020.07.29"]
[Round "3"]
[White "Justwatch"]
[Black "AChessPlayer"]
[Result "0-1"]
[WhiteElo "1704"]
[BlackElo "2356"]
[Annotator "TA"]
[PlyCount "36"]
[EventDate "2020.07.29"]
[EventType "swiss (blitz)"]

{[%evp 9,36,-81,12,12,5,0,39,46,47,37,65,2,33,12,55,-10,0,0,10,0,3,-24,-21,-46,-34,-68,-57,-47,-49]} 1. e4 g6 2. Nf3 Bg7 3. Nc3 d6 4. Bc4 e6 {[#]} 5. e5 $146 ({Predecessor:} 5. O-O Ne7 6. d3 h6 7. Bb3 O-O 8. Be3 Nbc6 9. Qd2 Kh7 10. d4 f5 11. exf5 Nxf5 12. Ne4 {½-½ (25) Stradner,S (2153)-Vrban,D (2158) Austria 2018}) 5... d5 (5... dxe5 $17 6. O-O Nc6) 6. Bb3 $11 {B06: Modern Defence.} c5 7. d4 c4 8. Ba4+ {White is slightly better.} Bd7 9. Bxd7+ Qxd7 10. Bg5 ({White should play} 10. b3 $14) 10... h6 11. Bh4 (11. Bd2 {seems wilder.} a6 12. O-O Ne7 13. Ne2 Nf5 14. c3) 11... b5 12. Bg3 (12. a4 $1 $14) 12... b4 13. Ne2 $36 {[%mdl 2048] White has some pressure.} a5 14. O-O Ne7 15. c3 Nbc6 16. Re1 Nf5 {Black is slightly better.} 17. Nh4 Nxh4 18. Bxh4 O-O {Accuracy: White = 51%, Black = 67%.} 0-1

[Event "Stay Safe Play From Home 341"]
[Site "Emanuel Lasker Arena"]
[Date "2020.07.29"]
[Round "3"]
[White "Trotsky"]
[Black "M100"]
[Result "0-1"]
[WhiteElo "1522"]
[BlackElo "1799"]
[Annotator "NA"]
[PlyCount "52"]
[EventDate "2020.07.29"]
[EventType "swiss (blitz)"]

1. d4 {[%emt 0:00:02]} b6 {[%emt 0:00:01]} 2. e3 {[%emt 0:00:00]} Bb7 {[%emt 0:00:00]} 3. c4 {[%emt 0:00:01]} Nf6 {[%emt 0:00:01]} 4. Nc3 {[%emt 0:00:01]} d5 {[%emt 0:00:01]} 5. f3 {[%emt 0:00:01]} dxc4 {[%emt 0:00:01]} 6. Bxc4 {[%emt 0:00:01]} e6 {[%emt 0:00:00]} 7. Qc2 {[%emt 0:00:01]} Bb4 {[%emt 0:00:01]} 8. Bd3 {[%emt 0:00:01]} Nc6 {[%emt 0:00:01]} 9. Bd2 {[%emt 0:00:01]} O-O {[%emt 0:00:02]} 10. h4 {[%emt 0:00:01]} Qe7 {[%emt 0:00:01]} 11. Nh3 {[%emt 0:00:01]} Nh5 {[%emt 0:00:01]} 12. Ng5 {[%emt 0:00:01]} Ng3 {[%emt 0:00:01]} 13. Bxh7+ {[%emt 0:00:02]} Kh8 {[%emt 0:00:01]} 14. Bg8 {[%emt 0:00:01]} Nf5 {[%emt 0:00:04]} 15. Bh7 {[%emt 0:00:03]} g6 {[%emt 0:00:02]} 16. O-O-O {[%emt 0:00:02]} Rad8 {[%emt 0:00:02]} 17. g4 {[%emt 0:00:02]} Nfxd4 {[%emt 0:00:01]} 18. exd4 {[%emt 0:00:03]} Nxd4 {[%emt 0:00:01]} 19. Qb1 {[%emt 0:00:03]} Ba6 {[%emt 0:00:02]} 20. h5 {[%emt 0:00:04]} Qf6 {[%emt 0:00:02]} 21. hxg6 {[%emt 0:00:02]} Bxc3 {[%emt 0:00:01]} 22. g7+ {[%emt 0:00:04]} Kxg7 {[%emt 0:00:02]} 23. Bg8 {[%emt 0:00:03]} Rxg8 {[%emt 0:00:02]} 24. Qh7+ {[%emt 0:00:01]} Kf8 {[%emt 0:00:01]} 25. Rh6 {[%emt 0:00:04]} Bd3 {[%emt 0:00:05]} 26. Rxf6 {[%emt 0:00:04]} Ne2# {[%emt 0:00:01] Mate (Lag: Av=0.35s, max=0.6s)} 0-1

[Event "Stay Safe Play From Home 341"]
[Site "Emanuel Lasker Arena"]
[Date "2020.07.29"]
[Round "4"]
[White "AChessPlayer"]
[Black "Mepe_Nika"]
[Result "1-0"]
[WhiteElo "2357"]
[BlackElo "2426"]
[Annotator "TA"]
[PlyCount "87"]
[EventDate "2020.07.29"]
[EventType "swiss (blitz)"]

{[%evp 14,86,17,-4,-11,-17,-14,-18,-12,-23,-15,-22,-20,-20,-10,-20,-15,-27,29,6,49,0,42,50,462,447,472,481,485,479,525,518,537,527,511,478,532,472,473,456,516,524,586,549,1141,1093,1441,1476,1441,1460,1750,1733,1641,1549,1564,1489,29986,29987,29987,29988,29992,29993,29994,29993,29993,29992,29992,29993,29995,29996,29997,29998,29998,29999,29999]} 1. Nf3 d5 2. g3 c6 3. Bg2 Bf5 4. d3 e6 5. O-O Nf6 6. Nbd2 h6 7. Re1 Be7 8. c3 O-O {A07: Réti Opening: New York and Capablanca Systems.} 9. b3 Nbd7 10. Bb2 a5 {The position is equal.} 11. a3 Bh7 {[#]} 12. Qc2 $146 ({Predecessor:} 12. Rc1 b5 13. b4 Qb6 14. Nb3 axb4 15. cxb4 Rfc8 16. e4 Ng4 17. Re2 dxe4 18. dxe4 {1-0 (57) Uebber,K-Hummel,D (2266) Dos Hermanas 2004}) 12... b5 13. c4 Rc8 14. Rac1 bxc4 15. bxc4 Rb8 (15... Re8 $142) 16. Rb1 Qc7 17. Nd4 {Threatening cxd5.} Rb7 18. Rec1 {Threatens to win with cxd5.} Rfb8 $2 {[%mdl 8192] This move loses the game for Black.} ({Black should play} 18... Rc8 $14) 19. cxd5 $18 Nxd5 20. Nxc6 Bf8 {If Black can now play ...Rc8 this consolidates a bit.} 21. Nxb8 {Strongly threatening Qxc7.} Qxb8 22. Ba1 Bg6 23. Rxb7 Qxb7 24. Rb1 Qa7 25. Nc4 Bc5 26. e3 Kh7 27. Be4 Bxe4 28. dxe4 N5f6 29. e5+ {[%mdl 64] Discovered Attack} g6 30. exf6 Qc7 31. Nd2 h5 32. Ne4 Kh6 33. Kg2 Qc6 34. Rc1 Qd5 35. Rd1 {White mates.} Qf5 36. Rxd7 Bxa3 37. Rxf7 h4 38. gxh4 Bd6 {[#]} 39. Ng5 $1 {[%csl Gg5][%cal Rf7h7]} Qg4+ 40. Kf1 {[%csl Gg5][%cal Rf7h7]} Qxg5 41. hxg5+ Kxg5 {[#]} 42. Rg7 $1 Bf8 43. Qxg6+ Kh4 44. Qg4# {Accuracy: White = 93%, Black = 53%.} 1-0

[Event "Stay Safe Play From Home 341"]
[Site "Emanuel Lasker Arena"]
[Date "2020.07.29"]
[Round "4"]
[White "Knightofficer"]
[Black "Weltszmerc"]
[Result "1/2-1/2"]
[WhiteElo "2228"]
[BlackElo "2206"]
[Annotator "TA"]
[PlyCount "117"]
[EventDate "2020.07.29"]
[EventType "swiss (blitz)"]

{[%evp 9,117,2,5,-11,-11,-8,5,-48,-41,-56,-47,-44,-47,-241,-125,-294,-288,-291,-287,-328,-333,-327,-314,-314,-282,-328,-328,-313,-324,-283,-264,-368,-354,-364,-293,-310,-302,-303,-289,-489,-469,-471,-458,-457,-456,-473,-447,-423,-371,-514,-425,-514,-374,-370,-366,-322,-301,-301,-288,-303,-277,-462,-481,-442,-431,-547,-540,-540,-458,-541,-539,-520,-511,-548,-532,-556,-545,-507,-488,-435,-389,-307,-260,-282,0,0,-4,-8,-8,-8,0,0,0,0,0,0,0,0,0,0,0,-1347,0,0,5,5,5,0,0,0]} 1. e4 Nf6 2. e5 Nd5 3. Nc3 Nb6 4. Nf3 d6 5. Bd3 g6 {[#]} 6. exd6 $146 {B02: Alekhine's Defence: Chase Variation and lines with early Nc3.} ({Predecessor:} 6. h4 Bg7 7. exd6 cxd6 8. h5 e5 9. h6 Bf6 10. a4 Be6 11. a5 Nc8 12. Bb5+ {½-½ (96) Lauridsen,J (2223)-To,N (2260) Balatonlelle 2007}) 6... cxd6 7. O-O Bg7 8. b3 ({Better is} 8. Be2 $11) 8... O-O $15 9. Bb2 Nc6 10. Re1 e5 11. Qe2 $2 (11. a4 $15) 11... f5 (11... d5 $19 {White must now prevent ...e4.} 12. Rab1 e4 13. Nxe4 Bxb2 14. Rxb2 dxe4 15. Bxe4 Bg4 16. Bxc6 bxc6) 12. Bb5 $2 (12. Bc4+ $17 {was forced.} Kh8 13. d3) 12... e4 $19 13. Bxc6 bxc6 14. d3 exf3 15. Qxf3 d5 16. Rab1 Kh8 17. Ne2 Bxb2 18. Rxb2 Qf6 19. Rbb1 Bd7 20. d4 Rae8 21. Nf4 Nc8 22. c3 Nd6 23. Nd3 Ne4 24. Rec1 $2 (24. Ne5 Bc8 25. Rbc1) 24... Nd2 25. Qd1 Nxb1 26. Rxb1 Re7 27. Ne5 Rfe8 28. f4 {[#]} c5 $1 29. Qd2 (29. dxc5 Rxe5) 29... Bb5 30. dxc5 Rxe5 31. fxe5 Qxe5 32. Qd4 Kg7 33. a4 Bc6 34. b4 Bxa4 35. b5 $2 (35. Ra1 {was necessary.} Qxd4+ 36. cxd4) 35... Qxd4+ 36. cxd4 {[%mdl 4096] Endgame KRB-KR} Rb8 37. b6 axb6 38. cxb6 Bc6 39. Rb4 Kf6 40. Kf2 Ke6 41. Ke3 Kd6 42. Kf4 Re8 43. Kg5 Re4 44. b7 {[#]} Bxb7 $1 45. Rxb7 {KR-KR} Rg4+ ({Much less strong is} 45... Rxd4 46. h3 $19) 46. Kf6 Rxg2 $2 (46... Rxd4 $19 {aiming for ...Rh4.} 47. Rxh7 Rg4) 47. Rxh7 $11 f4 {Threatens to win with ...f3.} 48. Rh3 g5 49. Rf3 g4 50. Rxf4 Kc6 51. Kf5 Kb5 52. Rxg4 Rxh2 53. Ke5 Kc4 54. Rg5 Rh4 55. Rf5 $2 {[%mdl 8192]} (55. Kd6 $11) 55... Re4+ $2 ({Black should try} 55... Rxd4 $19 {And now ...Re4+ would win.} 56. Rf1 Re4+ 57. Kf5 Re3 58. Rc1+ Rc3) 56. Kd6 {The position is equal.} Kxd4 57. Rxd5+ Ke3 58. Re5 Rxe5 59. Kxe5 {Accuracy: White = 56%, Black = 80%.} 1/2-1/2

[Event "Stay Safe Play From Home 341"]
[Site "Emanuel Lasker Arena"]
[Date "2020.07.29"]
[Round "4"]
[White "SoulofWolf"]
[Black "Stefanone"]
[Result "1-0"]
[WhiteElo "2045"]
[BlackElo "2061"]
[Annotator "TA"]
[PlyCount "63"]
[EventDate "2020.07.29"]
[EventType "swiss (blitz)"]

{[%evp 9,63,-39,-15,-68,-30,-37,-49,-50,-2,-2,0,1,16,15,22,9,53,50,89,95,102,95,158,105,212,103,350,249,507,475,781,784,909,896,947,931,1037,877,1266,1235,1223,1218,1741,1741,2767,2624,3560,3224,29983,29984,29989,29977,29990,29991,29993,29991]} 1. d4 d6 2. Bf4 f5 3. e3 Nf6 {[#]} 4. f3 $146 ({Predecessor:} 4. c4 h6 5. h4 g6 6. Nc3 Bg7 7. Nf3 Nc6 8. d5 e5 9. dxe6 Bxe6 10. Qb3 Qd7 11. Be2 {0-1 (37) Fedoseev,V (2678)-Lagarde,M (2658) chess.com INT 2020}) 4... g6 5. h3 Bg7 6. Nd2 {A41: 1 d4 d6: Tartakower System and Modern Defence.} ({White should try} 6. Qd2 $11) 6... O-O 7. Bc4+ d5 8. Bb3 {Black is slightly better.} c6 9. Ne2 e6 10. O-O Qe7 11. c4 Nbd7 12. a4 a6 13. a5 $36 {[%mdl 2048] White is more active.} h6 14. Bh2 g5 15. Kh1 Rb8 (15... Qf7 $142) 16. Qe1 (16. Bxb8 $142 Nxb8 17. Re1) 16... e5 (16... Ra8 $16) 17. Qf2 (17. cxd5 $18 {is more deadly. Hoping for d6+.} cxd5 18. f4 gxf4 19. dxe5 (19. exf4 exd4 20. Nxd4 {[%mdl 64] Discovered Attack} Qxe1 $14) 19... Nxe5 20. Nxf4 (20. Bxf4 Nd3 $16)) 17... e4 $2 (17... b5 $16 {is a better defense.}) 18. Rae1 g4 $2 (18... Kh8 {might work better.} 19. cxd5 (19. Bxb8 Nxb8 20. Nc3 exf3 $18) 19... exf3) 19. Nf4 $18 h5 (19... exf3 $142 20. Ng6 {[%mdl 64] Double Attack} Qb4 21. cxd5 Ne4) 20. Ng6 {[%mdl 64] Discovered Attack} Qf7 21. Nxf8 Nxf8 22. Bxb8 Be6 23. Be5 Qg6 24. Bxf6 Bxf6 25. fxe4 Kg7 26. exf5 Qg5 27. fxe6 Nxe6 28. cxd5 cxd5 {[#]} 29. Bxd5 $1 {[%mdl 64] Double Attack. White mates.} Nf8 (29... Qxd5 30. Qxf6+) 30. Bxb7 Ng6 {[#]} 31. Ne4 $1 {[%mdl 64] Double Attack} Qxa5 32. Nxf6 {White took control after the opening. Accuracy: White = 70%, Black = 19%.} 1-0

[Event "Stay Safe Play From Home 341"]
[Site "Emanuel Lasker Arena"]
[Date "2020.07.29"]
[Round "4"]
[White "Buzaglo"]
[Black "Padmaesh M K"]
[Result "0-1"]
[WhiteElo "1819"]
[BlackElo "1772"]
[Annotator "NA RC"]
[PlyCount "46"]
[EventDate "2020.07.29"]
[EventType "swiss (blitz)"]

1. d4 {[%emt 0:00:01]} Nf6 {[%emt 0:00:02]} 2. Nf3 {[%emt 0:00:00]} d5 {[%emt 0:00:01]} 3. g3 {[%emt 0:00:00]} Bf5 {[%emt 0:00:02]} 4. Bg2 {[%emt 0:00:00]} e6 {[%emt 0:00:00]} 5. O-O {[%emt 0:00:00]} Bd6 {[%emt 0:00:00]} 6. Nh4 {[%emt 0:00:00]} Bg6 {[%emt 0:00:02]} 7. Nxg6 {[%emt 0:00:01]} hxg6 {[%emt 0:00:00]} 8. Bg5 {[%emt 0:00:01]} Nbd7 {[%emt 0:00:09]} 9. c4 {[%emt 0:00:01]} c6 {[%emt 0:00:05]} 10. Nc3 {[%emt 0:00:02]} Ke7 {[%emt 0:00:03]} 11. e4 {[%emt 0:00:02]} Rh5 {[%emt 0:00:04]} 12. h4 {[%emt 0:00:02]} dxe4 {[%emt 0:00:05]} 13. Nxe4 {[%emt 0:00:02]} Qh8 {[%emt 0:00:03]} 14. c5 {[%emt 0:00:07]} Bc7 {[%emt 0:00:02]} 15. Bxf6+ {[%emt 0:00:08]} gxf6 {[%emt 0:00:02]} 16. Nd6 {[%emt 0:00:01]} g5 {[%emt 0:00:06]} 17. Bf3 {[%emt 0:00:03]} Rh6 {[%emt 0:00:02]} 18. h5 {[%emt 0:00:01]} f5 {[%emt 0:00:02]} 19. g4 {[%emt 0:00:02]} fxg4 {[%emt 0:00:03]} 20. Bxg4 {[%emt 0:00:00]} Nf6 {[%emt 0:00:00]} 21. f3 {[%emt 0:00:02]} Nxh5 {[%emt 0:00:02]} 22. Rf2 {[%emt 0:00:04]} Nf4 {[%emt 0:00:02]} 23. Kf1 {[%emt 0:00:01]} Rh1# {[%emt 0:00:00] (Lag: Av=0.67s, max=1.0s)} 0-1

[Event "Stay Safe Play From Home 341"]
[Site "Emanuel Lasker Arena"]
[Date "2020.07.29"]
[Round "4"]
[White "M100"]
[Black "Lazieri3"]
[Result "1-0"]
[WhiteElo "1805"]
[BlackElo "2107"]
[Annotator "NA"]
[PlyCount "91"]
[EventDate "2020.07.29"]
[EventType "swiss (blitz)"]

1. g3 {[%emt 0:00:01]} c6 {[%emt 0:00:00]} 2. Bg2 {[%emt 0:00:01]} d6 {[%emt 0:00:00]} 3. e4 {[%emt 0:00:01]} g6 {[%emt 0:00:00]} 4. f4 {[%emt 0:00:01]} Bg7 {[%emt 0:00:00]} 5. Nf3 {[%emt 0:00:01]} Nd7 {[%emt 0:00:01]} 6. O-O {[%emt 0:00:01]} b6 {[%emt 0:00:00]} 7. d3 {[%emt 0:00:01]} Bb7 {[%emt 0:00:00]} 8. Nc3 {[%emt 0:00:01]} Ngf6 {[%emt 0:00:00]} 9. Be3 {[%emt 0:00:01]} O-O {[%emt 0:00:01]} 10. h3 {[%emt 0:00:01]} Rc8 {[%emt 0:00:02]} 11. g4 {[%emt 0:00:01]} a6 {[%emt 0:00:01]} 12. g5 {[%emt 0:00:01]} Nh5 {[%emt 0:00:01]} 13. Nh2 {[%emt 0:00:01]} e5 {[%emt 0:00:02]} 14. f5 {[%emt 0:00:01]} gxf5 {[%emt 0:00:01]} 15. Qxh5 {[%emt 0:00:02]} f6 {[%emt 0:00:00]} 16. g6 {[%emt 0:00:02]} hxg6 {[%emt 0:00:03]} 17. Qxg6 {[%emt 0:00:01]} fxe4 {[%emt 0:00:01]} 18. Bh6 {[%emt 0:00:01]} Qe7 {[%emt 0:00:02]} 19. Nxe4 {[%emt 0:00:01]} c5 {[%emt 0:00:02]} 20. Nxd6 {[%emt 0:00:01]} Bxg2 {[%emt 0:00:02]} 21. Nf5 {[%emt 0:00:02]} Qf7 {[%emt 0:00:05]} 22. Qxg2 {[%emt 0:00:02]} Kh7 {[%emt 0:00:09]} 23. Bxg7 {[%emt 0:00:01]} Rg8 {[%emt 0:00:01]} 24. Nf3 {[%emt 0:00:02]} Rxg7 {[%emt 0:00:02]} 25. Nxg7 {[%emt 0:00:01]} Qxg7 {[%emt 0:00:00]} 26. Qxg7+ {[%emt 0:00:01]} Kxg7 {[%emt 0:00:00]} 27. Nh4 {[%emt 0:00:00]} Kf7 {[%emt 0:00:01]} 28. Nf5 {[%emt 0:00:01]} Ke6 {[%emt 0:00:00]} 29. Rae1 {[%emt 0:00:01]} c4 {[%emt 0:00:02]} 30. Ng7+ {[%emt 0:00:01]} Kf7 {[%emt 0:00:01]} 31. Nh5 {[%emt 0:00:01]} cxd3 {[%emt 0:00:02]} 32. cxd3 {[%emt 0:00:01]} Rc2 {[%emt 0:00:00]} 33. d4 {[%emt 0:00:01]} exd4 {[%emt 0:00:02]} 34. Rd1 {[%emt 0:00:03]} Rxb2 {[%emt 0:00:04]} 35. Rxd4 {[%emt 0:00:01]} Nc5 {[%emt 0:00:01]} 36. Rxf6+ {[%emt 0:00:02]} Ke7 {[%emt 0:00:01]} 37. Rg4 {[%emt 0:00:02]} Rb1+ {[%emt 0:00:03]} 38. Kf2 {[%emt 0:00:01]} Rb2+ {[%emt 0:00:00]} 39. Ke3 {[%emt 0:00:01]} Rxa2 {[%emt 0:00:01]} 40. Rg7+ {[%emt 0:00:02]} Ke8 {[%emt 0:00:00]} 41. Rxb6 {[%emt 0:00:02]} Ra3+ {[%emt 0:00:00]} 42. Kd4 {[%emt 0:00:02]} Ne6+ {[%emt 0:00:01]} 43. Rxe6+ {[%emt 0:00:02]} Kf8 {[%emt 0:00:01]} 44. Rb6 {[%emt 0:00:00]} Ra4+ {[%emt 0:00:01]} 45. Ke3 {[%emt 0:00:01]} Ra5 {[%emt 0:00:00]} 46. Rb8# {[%emt 0:00:02] Mate} 1-0

[Event "Stay Safe Play From Home 341"]
[Site "Emanuel Lasker Arena"]
[Date "2020.07.29"]
[Round "4"]
[White "Haris kollari 13"]
[Black "Trotsky"]
[Result "1-0"]
[WhiteElo "1658"]
[BlackElo "1516"]
[Annotator "NA"]
[PlyCount "51"]
[EventDate "2020.07.29"]
[EventType "swiss (blitz)"]

1. e4 {[%emt 0:00:01]} c5 {[%emt 0:00:01]} 2. f4 {[%emt 0:00:00]} d5 {[%emt 0:00:08]} 3. e5 {[%emt 0:00:02]} Nc6 {[%emt 0:00:01]} 4. Nf3 {[%emt 0:00:01]} e6 {[%emt 0:00:01]} 5. c3 {[%emt 0:00:00]} Qc7 {[%emt 0:00:01]} 6. b3 {[%emt 0:00:01]} Bd7 {[%emt 0:00:01]} 7. d4 {[%emt 0:00:01]} O-O-O {[%emt 0:00:01]} 8. Be3 {[%emt 0:00:01]} c4 {[%emt 0:00:02]} 9. bxc4 {[%emt 0:00:01]} f6 {[%emt 0:00:02]} 10. c5 {[%emt 0:00:03]} fxe5 {[%emt 0:00:01]} 11. fxe5 {[%emt 0:00:01]} h5 {[%emt 0:00:02]} 12. Nbd2 {[%emt 0:00:01]} Nh6 {[%emt 0:00:01]} 13. Bd3 {[%emt 0:00:05]} Ng4 {[%emt 0:00:02]} 14. Bg1 {[%emt 0:00:01]} Ncxe5 {[%emt 0:00:05]} 15. dxe5 {[%emt 0:00:03]} Nxe5 {[%emt 0:00:01]} 16. Nxe5 {[%emt 0:00:01]} Qxe5+ {[%emt 0:00:01]} 17. Kf1 {[%emt 0:00:01]} Bxc5 {[%emt 0:00:07]} 18. Bxc5 {[%emt 0:00:02]} Bc6 {[%emt 0:00:02]} 19. Bd4 {[%emt 0:00:01]} Qg5 {[%emt 0:00:03]} 20. Nf3 {[%emt 0:00:02]} Qf4 {[%emt 0:00:03]} 21. Qd2 {[%emt 0:00:02]} Qf7 {[%emt 0:00:02]} 22. Ke2 {[%emt 0:00:02]} e5 {[%emt 0:00:02]} 23. Nxe5 {[%emt 0:00:02]} Rhe8 {[%emt 0:00:01]} 24. Raf1 {[%emt 0:00:02]} Qe6 {[%emt 0:00:03]} 25. Qf4 {[%emt 0:00:01]} Re7 {[%emt 0:00:05]} 26. Bf5 {[%emt 0:00:01] Âðåìÿ (Lag: Av=0.31s, max=0.8s)} 1-0

[Event "Stay Safe Play From Home 341"]
[Site "Emanuel Lasker Arena"]
[Date "2020.07.29"]
[Round "5"]
[White "Mepe_Nika"]
[Black "Weltszmerc"]
[Result "1-0"]
[WhiteElo "2405"]
[BlackElo "2207"]
[Annotator "TA"]
[PlyCount "101"]
[EventDate "2020.07.29"]
[EventType "swiss (blitz)"]

{[%evp 9,101,0,13,-21,-14,-27,-25,-48,-46,-45,120,71,71,71,71,66,72,58,64,50,59,35,66,-52,56,54,62,55,99,23,38,22,19,6,7,9,231,233,387,382,382,370,460,417,379,359,415,345,355,356,359,347,354,341,345,317,518,498,456,427,637,517,526,444,427,417,514,432,778,785,784,776,762,768,742,711,2024,804,3079,1418,1334,1009,1002,998,990,963,960,937,896,740,700,688,725,705]} 1. g3 Nf6 2. Bg2 d5 3. d3 c6 4. Nc3 Bf5 5. h3 {[#]} e6 $146 ({Predecessor:} 5... h6 6. Nf3 e6 7. O-O Bd6 8. Re1 Nbd7 9. e4 dxe4 10. dxe4 Bg6 11. Qxd6 {1-0 (11) Neumann,F-Boron,A (1906) ICC INT 2009}) 6. f4 {A00: Irregular Openings.} h6 7. Nf3 Bc5 8. e3 {Black has an edge.} O-O 9. O-O d4 $2 (9... Nbd7 $15 {keeps the upper hand.}) 10. exd4 Bxd4+ 11. Nxd4 Qxd4+ 12. Kh2 Nbd7 13. Qe2 Qb6 14. Rb1 (14. Qf2 {looks sharper.} Qa5 15. a3 Rfe8 16. Be3 Qc7 17. Rae1) 14... Nd5 {[#] Threatens to win with ...Nxc3.} 15. Nxd5 (15. Bd2 {with more complications.} Nb4 16. g4 Bh7 17. Be3 Qc7 18. Rbe1) 15... exd5 16. Be3 (16. g4 $14 Rfe8 17. Qf2) 16... Qc7 (16... Rae8 $15 17. Bxb6 Rxe2) 17. Qf2 $14 Rfe8 18. Rbe1 c5 19. b3 (19. Bxd5 $16 Rad8 20. b3) 19... d4 20. Bc1 Nf6 21. Qf3 $36 {[%mdl 2048] White has good play.} Rab8 22. g4 Bg6 $2 {This move loses the game for Black.} (22... Bd7 $11 {and Black has nothing to worry.}) 23. Kg1 $18 b6 $2 (23... Bh7 24. f5 Rxe1 25. Rxe1 Qa5) 24. f5 Bh7 25. Bf4 {[%mdl 64] [#] Skewer} Qc8 26. Bxb8 Qxb8 27. Rxe8+ Qxe8 28. Qa8 Qxa8 29. Bxa8 {[%mdl 4096] Endgame KRB-KBN} Kf8 30. Bf3 g6 31. fxg6 Bxg6 32. Kf2 Nh7 $2 (32... Ne8 33. a4 Nc7) 33. h4 Nf6 34. Re1 Nd7 (34... Bh7 $142 35. a4 a5) 35. Kg3 f6 36. Kf4 Ne5 37. Be4 Bf7 38. Bf5 {White is clearly winning.} Ke7 (38... Nc6 $142 39. a3 Ne7) 39. g5 hxg5+ 40. hxg5 Kd6 41. gxf6 Nc6 42. Kg5 Nb4 43. Re2 (43. Re7 $142) 43... Nxa2 44. Bg6 (44. Re7 $142 Bg8 45. Rg7) 44... Bd5 45. f7 Bxf7 46. Bxf7 Nb4 47. Kf6 a6 48. Bc4 b5 49. Re6+ Kc7 50. Re7+ Kd6 51. Bf7 {Accuracy: White = 71%, Black = 45%.} 1-0